Автоматизация контроля учебного процесса: АСУ Томского политехнического института: [альбом]

Chi tiết về thư mục
Tác giả của công ty: Томский политехнический институт
Tóm tắt:Нумерация страниц отсутствует
Ngôn ngữ:Tiếng Nga
Được phát hành: Томск, [Б. и.], 1976
Những chủ đề:
Định dạng: MixedMaterials Sách
KOHA link:https://koha.lib.tpu.ru/cgi-bin/koha/opac-detail.pl?biblionumber=361455

MARC

LEADER 00000nam0a2200000 4500
001 361455
005 20231102011406.0
035 |a (RuTPU)RU\TPU\retro\18783 
090 |a 361455 
100 |a 20210607d1976 m y0rusy50 ca 
101 0 |a rus 
102 |a RU 
105 |a a z 000zy 
200 1 |a Автоматизация контроля учебного процесса: АСУ Томского политехнического института  |e [альбом]  |f Томский политехнический институт 
210 |a Томск  |c [Б. и.]  |d 1976 
215 |a [18 л.]  |c ил. 
300 |a Нумерация страниц отсутствует 
606 1 |a Томский политехнический университет  |2 stltpush  |3 (RuTPU)RU\TPU\subj\67475  |9 83260 
610 1 |a высшее образование 
610 1 |a техническое образование 
610 1 |a Томск 
610 1 |a учебный процесс 
610 1 |a автоматизация 
610 1 |a автоматизированные системы контроля 
610 1 |a успеваемость 
610 1 |a посещаемость 
610 1 |a сессия 
610 1 |a Коллекция История ТПУ 
686 |a Ч484(2)72ТПУ  |v LBC/SL-A  |2 rubbk 
712 0 2 |a Томский политехнический институт  |c (1944-1991)  |2 stltpush  |3 (RuTPU)RU\TPU\col\1123  |9 23521 
801 1 |a RU  |b 63413507  |c 20210607 
801 2 |a RU  |b 63413507  |c 20210712  |g RCR 
942 |c BK